[Event "Jose de Freitas op 7th"]
[Site "Jose de Freitas"]
[Date "2024.07.13"]
[Round "2"]
[White "Dos Santos, Francisco Jose Barb"]
[Black "Da Silva, Francisco Henrique"]
[Result "1-0"]
[WhiteElo "1800"]
[BlackElo "1683"]
[PlyCount "85"]
[EventDate "2024.07.13"]
[EventType "swiss"]
[EventRounds "5"]
[EventCountry "BRA"]
[SourceTitle "CBM 221 Extra"]
[Source "ChessBase"]
[SourceDate "2024.09.30"]
[SourceVersion "1"]
[SourceVersionDate "2024.09.30"]
[SourceQuality "1"]

1. c4 e6 2. g3 Nf6 3. Bg2 d5 4. cxd5 Nxd5 5. e3 Bd6 6. Ne2 0-0 7. Nbc3 c6 8. 0-0 Nb4 9. d4 b6 10. a3 Nd5 11. e4 Nc7 12. e5 Be7 13. Qc2 Ba6 14. Rd1 Nd5 15. b4 Bb7 16. Bb2 Nd7 17. Nxd5 cxd5 18. f4 b5 19. f5 Nb6 20. Rf1 exf5 21. Qxf5 Nc4 22. Bc1 Bc8 23. Qd3 f6 24. Nc3 Be6 25. Nxb5 Qb6 26. Nc3 Rad8 27. Kh1 Bf7 28. Bf4 Bg6 29. Qe2 Qxd4 30. Nb5 Qb6 31. Nc3 Bf7 32. Nxd5 Bxd5 33. Bxd5+ Rxd5 34. Qxc4 Qb7 35. Rad1 Rfd8 36. h4 Kf7 37. Rxd5 Rxd5 38. Kh2 Ke8 39. exf6 gxf6 40. Kh3 Qd7+ 41. Kh2 Qf5 42. Qc6+ Kf8 43. Bh6+ 1-0